000 00903nam a2200265Ia 4500
003 OSt
005 20220928130343.0
006 a|||||r|||| 00| 0
007 ta
008 220927b |||||||| |||| 00| 0 eng d
020 _c8986.0499999999993
024 _a126255
037 _b246, 16/01/2015, Classic Book Service
_cTextual
040 _aSDCL
_cSDCL
_beng
041 _2eng
_aeng
082 _aX64.1'P, Q5
100 _aBikker Jacob A Ed.
_9442512
245 0 _aNew measure of competition in the financial industry
_b The performance conduct structure indicator
260 _aLondon
_bRoutledge
_c2014
300 _axx;207p.
_ccm.
650 _aFinancial Studies
700 _a Leuvensteijn Michiel Van Ed.
_9473650
942 _hX64.1'P, Q5
_cTEXL
_2CC
999 _c786245
_d786245